| 000 | 00502cam a2200169 4500500 | ||
|---|---|---|---|
| 005 | 20260329005237.0 | ||
| 041 | _afre | ||
| 042 | _adc | ||
| 100 | 1 | 0 |
_aBourgeois, Didier _eauthor |
| 700 | 1 | 0 |
_aDjeldjli, Nouredine _eauthor |
| 700 | 1 | 0 |
_aHayek, Alexandre _eauthor |
| 245 | 0 | 0 | _aPrésentation |
| 260 | _c2008. | ||
| 500 | _a4 | ||
| 786 | 0 | _nPsy Cause | 51 | 1 | 2008-01-03 | p. 37-37 | 1245-2394 | |
| 856 | 4 | 1 | _uhttps://shs.cairn.info/revue-psy-cause-2008-1-page-37?lang=fr&redirect-ssocas=7080 |
| 999 |
_c1841650 _d1841650 |
||